The evolution of the metazoa / (Record no. 12211)
[ view plain ]
| 000 -LEADER | |
|---|---|
| fixed length control field | 00916nam a2200265 a 4500 |
| 001 - CONTROL NUMBER | |
| control field | 12211 |
| 003 - CONTROL NUMBER IDENTIFIER | |
| rucl marc code | BD-RjUL |
| 005 - DATE AND TIME OF LATEST TRANSACTION | |
| control field | 20211208235244.0 |
| 008 - FIXED-LENGTH DATA ELEMENTS--GENERAL INFORMATION | |
| fixed length control field | 140128s1963 enk b 001 0 eng d |
| 035 ## - SYSTEM CONTROL NUMBER | |
| System control number | (BD-RjUL)12260 |
| 040 ## - CATALOGING SOURCE | |
| Original cataloging agency | NLM |
| Transcribing agency | NLM |
| Modifying agency | UKM |
| -- | EQO |
| -- | BD-RjUL |
| Language of cataloging | eng |
| 041 ## - LANGUAGE CODE | |
| Language code of text/sound track or separate title | eng |
| 060 00 - NATIONAL LIBRARY OF MEDICINE CALL NUMBER | |
| Classification number | QL 375 |
| Item number | H132e 1963 |
| 082 04 - DEWEY DECIMAL CLASSIFICATION NUMBER | |
| Classification number | 593.5 |
| Edition number | 18 |
| Author mark and year | HAE 1963 |
| 100 1# - MAIN ENTRY--PERSONAL NAME | |
| Personal name | Hadži, J. |
| Fuller form of name | (Jovan), |
| Dates associated with a name | 1884-1972. |
| 9 (RLIN) | 37851 |
| 245 14 - TITLE STATEMENT | |
| Title | The evolution of the metazoa / |
| Statement of responsibility, etc. | Jovan Hadž, [tr. from the German by Janez Stanonik] |
| 260 ## - PUBLICATION, DISTRIBUTION, ETC. (IMPRINT) | |
| Place of publication, distribution, etc. | Oxford : |
| Name of publisher, distributor, etc. | Pergamon Press, |
| Date of publication, distribution, etc. | c1963. |
| 300 ## - PHYSICAL DESCRIPTION | |
| Pagination | xii, 499 p. : |
| Illustrations | ill. ; |
| Size | 23 cm. |
| 490 1# - SERIES STATEMENT | |
| Series statement | International series of monographs on pure and applied biology. Division, Zoology, |
| Volume/sequential designation | v. 16 |
| 650 #0 - SUBJECT ADDED ENTRY--TOPICAL TERM | |
| Topical term or geographic name as entry element | Ctenophora. |
| 9 (RLIN) | 37852 |
| Topical term or geographic name as entry element | Evolution. |
| 9 (RLIN) | 37853 |
| 830 #0 - SERIES ADDED ENTRY--UNIFORM TITLE | |
| Volume number/sequential designation | v. 16 |
| Uniform title | International series of monographs on pure and applied biology. |
| 942 ## - ADDED ENTRY ELEMENTS (KOHA) | |
| Source of classification or shelving scheme | Dewey Decimal Classification |
| Koha item type | Books |
| Lost status | Source of classification or shelving scheme | Damaged status | Not for loan | Permanent Location | Current Location | Shelving location | Date acquired | Source of acquisition | Cost, normal purchase price | Total Checkouts | Full call number | Date last seen | Copy number | Koha item type | Collection code |
|---|---|---|---|---|---|---|---|---|---|---|---|---|---|---|---|
| Dewey Decimal Classification | Central Library, University of Rajshahi | Central Library, University of Rajshahi | Swets & Zeitlinger. | 116.00 | 593.5 HAE 1963 | 28/01/2014 | C-2 | Books | |||||||
| Dewey Decimal Classification | Central Library, University of Rajshahi | Central Library, University of Rajshahi | 06/10/1970 | Swet and Zuitlinger | 116.00 | 593.5 HAE 1963 | 01/02/2014 | C-5 | Books | Non-fiction | |||||
| Dewey Decimal Classification | Not For Loan | Central Library, University of Rajshahi | Central Library, University of Rajshahi | Reading Room | 06/10/1970 | Swets and Zeitlinger | 116.00 | 593.5 HAE 1963 | 28/05/2017 | C-1 | Books | Non-fiction | |||
| Dewey Decimal Classification | Central Library, University of Rajshahi | Central Library, University of Rajshahi | 06/10/1970 | Swets and Zeitlinger | 116.00 | 593.5 HAE 1963 | 28/05/2017 | C-3 | Books | Non-fiction |